000 00342 a2200145 4500
001 149391
040 _cEscola São Tomás de Aquino
100 _aFERNANDEZ, Vicente Paz
240 1 0 _aNa terra do sonho
_lpor
245 1 0 _aNa terra do sonho
362 0 _a1989
440 1 _aScipione
697 _a*LITERATURA INFANTO JUVENIL
942 _cBK
999 _c149391
_d149391